000 00624nam a2200217Ia 4500
003 BUBTL
008 151213s9999 xx 000 0 und d
020 _a8187567880
082 _a346.07/ Se551c/ 2015
100 _aSen, Arun Kumar
_9115
245 _aCommercial Law And Industrial Law/
_cArun Kumar Sen, Jetendra Kumar Mitra
250 _a24th ed.
260 _aKolkata
_bThe World press Private Limited
_cc2015
300 _axxiv,1159 p. :
_c22 cm.
650 _aLaw
650 _aLaw
700 _aMitra, Jitendra Kumar
_9116
856 _k0
_l0
_yDownload
942 _2ddc
_cBK
999 _c1040
_d1040